000 00211nam a2200097Ia 4500
008 240331s9999 xx 000 0 und d
082 _a110
_bADO
100 _aAdorno, T.W
245 0 _aNegative dialectics
942 _cL
999 _c713
_d713